[Event "Chess24 Banter Blitz Cup"]
[Site "chess24.com INT"]
[Date "2019.10.18"]
[Round "1.4"]
[White "Bartel, Mateusz"]
[Black "Cordova, Emilio"]
[Result "0-1"]
[WhiteTitle "GM"]
[BlackTitle "GM"]
[WhiteElo "2635"]
[BlackElo "2571"]
[WhiteFideId "1112635"]
[BlackFideId "3801497"]
[EventDate "2019.09.25"]
[EventType "blitz"]

1. d4 Nf6 2. Nf3 e6 3. e3 b6 4. Bd3 Bb7 5. O-O c5 6. c4 cxd4 7. exd4 Be7 8. Nc3
h6 9. a3 O-O 10. b4 d6 11. Bb2 Nbd7 12. Re1 Re8 13. Bf1 Bf8 14. Nd2 a6 15. Nb3
g6 16. Qd2 Bg7 17. Rad1 Rc8 18. a4 a5 19. bxa5 d5 20. axb6 dxc4 21. Nc5 Qxb6 22.
Nxb7 Qxb7 23. Nb5 Bf8 24. d5 Nxd5 25. Qd4 N5f6 26. Bxc4 Bc5 27. Qh4 g5 28. Qxh6
Bxf2+ 29. Kh1 Rxc4 30. Qxg5+ Kh7 31. Rd3 Rh4 32. Bxf6 Rg8 33. Rf1 Rxg5 34. Bxg5
Rh5 35. Bf4 Nc5 36. Rf3 Ne4 37. Nd6 Nxd6 38. Bxd6 Qd5 39. Rxf7+ Kg6 40. R7xf2
Qxd6 41. g3 Qd5+ 42. Kg1 Qc5 43. Kg2 Rf5 44. Rf3 Qc2+ 45. R1f2 Qc6 46. g4 Qd5
47. Kg3 Rxf3+ 48. Rxf3 Qe5+ 49. Kg2 Qd5 50. Kg3 Qe5+ 51. Rf4 Qd6 52. h4 Qd3+ 53.
Rf3 Qd4 54. h5+ Kh6 55. g5+ Kxh5 56. Rf4 Qe5 0-1

[Event "Chess24 Banter Blitz Cup"]
[Site "chess24.com INT"]
[Date "2019.10.18"]
[Round "1.5"]
[White "Cordova, Emilio"]
[Black "Bartel, Mateusz"]
[Result "1-0"]
[WhiteTitle "GM"]
[BlackTitle "GM"]
[WhiteElo "2571"]
[BlackElo "2635"]
[WhiteFideId "3801497"]
[BlackFideId "1112635"]
[EventDate "2019.09.25"]
[EventType "blitz"]

1. d4 Nf6 2. Nf3 e6 3. c4 Bb4+ 4. Nbd2 O-O 5. a3 Be7 6. e4 d6 7. Qc2 c5 8. d5 e5
9. Be2 g6 10. Nf1 Nh5 11. Bh6 Re8 12. g3 Bh3 13. Ne3 Na6 14. Ng1 Bd7 15. Bxh5
gxh5 16. h4 Kh8 17. Qe2 Rg8 18. Qxh5 Rg6 19. Nf5 b5 20. Bg5 f6 21. Bd2 bxc4 22.
Bc3 Nc7 23. a4 Rb8 24. Nf3 Bf8 25. Ng5 fxg5 26. hxg5 Bh6 27. Nxh6 Qf8 28. f4 Qg7
29. Nf5 1-0

[Event "Chess24 Banter Blitz Cup"]
[Site "chess24.com INT"]
[Date "2019.10.18"]
[Round "1.6"]
[White "Bartel, Mateusz"]
[Black "Cordova, Emilio"]
[Result "1-0"]
[WhiteTitle "GM"]
[BlackTitle "GM"]
[WhiteElo "2635"]
[BlackElo "2571"]
[WhiteFideId "1112635"]
[BlackFideId "3801497"]
[EventDate "2019.09.25"]
[EventType "blitz"]

1. e4 c5 2. Ne2 Nc6 3. g3 e6 4. Bg2 a6 5. O-O d6 6. c3 Nf6 7. d4 cxd4 8. cxd4 d5
9. e5 Ng8 10. Nbc3 h5 11. h4 Be7 12. Nf4 g6 13. Qd3 Nh6 14. Bd2 Nf5 15. Nce2 Qb6
16. Bc3 Bd7 17. Rfc1 Rc8 18. Qd2 a5 19. a3 a4 20. Rc2 Ra8 21. Rac1 Kf8 22. Bxd5
exd5 23. Nxd5 Qd8 24. Nxe7 Ncxe7 25. d5 Rh7 26. Nf4 Bb5 27. Bb4 Kg8 28. Rc7 Bc6
29. d6 Nc8 30. Nd5 Ncxd6 31. exd6 Nxh4 32. Ne7+ Qxe7 33. dxe7 Nf3+ 34. Kf1 Nxd2+
35. Bxd2 Re8 36. Bg5 f6 37. Bxf6 Rf7 38. Bg5 Rf5 39. f4 Kf7 40. Re1 Rb5 41. Re2
Rb3 42. Kf2 Rf3+ 43. Ke1 Rxg3 44. Re5 Rg4 45. Kf2 h4 46. Re3 Rg2+ 47. Ke1 Rxb2
48. Rh3 Rb1+ 49. Kd2 Rb2+ 50. Kc1 Rb3 51. Rxh4 Rxa3 52. Rh7+ Ke6 53. Rg7 Kf5 54.
Rf7+ Ke4 55. Rf8 Rc3+ 56. Kd2 Rd3+ 57. Ke2 a3 58. Rxc6 bxc6 59. Rxe8 Re3+ 60.
Kd2 a2 61. Ra8 Kf3 62. Rxa2 Re2+ 63. Kc3 1-0

[Event "Chess24 Banter Blitz Cup"]
[Site "chess24.com INT"]
[Date "2019.10.18"]
[Round "1.7"]
[White "Cordova, Emilio"]
[Black "Bartel, Mateusz"]
[Result "1-0"]
[WhiteTitle "GM"]
[BlackTitle "GM"]
[WhiteElo "2571"]
[BlackElo "2635"]
[WhiteFideId "3801497"]
[BlackFideId "1112635"]
[EventDate "2019.09.25"]
[EventType "blitz"]

1. d4 Nf6 2. Nf3 e6 3. c4 Bb4+ 4. Nbd2 O-O 5. a3 Be7 6. e4 d6 7. Qc2 a5 8. Be2
a4 9. Nb1 e5 10. Nc3 Nc6 11. d5 Nd4 12. Qd1 Nb3 13. Rb1 Bd7 14. O-O Nc5 15. Qc2
c6 16. Be3 cxd5 17. cxd5 Rc8 18. Nd2 b5 19. Rfc1 Qa5 20. Qd1 h6 21. h3 Rc7 22.
Bf1 Rfc8 23. Bxc5 Rxc5 24. b4 axb3 25. Nxb3 Qxc3 26. Nxc5 Qxa3 27. Nxd7 Rxc1 28.
Nxf6+ 1-0

[Event "Chess24 Banter Blitz Cup"]
[Site "chess24.com INT"]
[Date "2019.10.18"]
[Round "1.8"]
[White "Bartel, Mateusz"]
[Black "Cordova, Emilio"]
[Result "1/2-1/2"]
[WhiteTitle "GM"]
[BlackTitle "GM"]
[WhiteElo "2635"]
[BlackElo "2571"]
[WhiteFideId "1112635"]
[BlackFideId "3801497"]
[EventDate "2019.09.25"]
[EventType "blitz"]

1. e4 c5 2. Ne2 Nc6 3. g3 g6 4. Bg2 Bg7 5. c3 d6 6. d4 cxd4 7. cxd4 Nf6 8. Nbc3
O-O 9. O-O Bd7 10. Be3 Rc8 11. h3 a6 12. Rc1 e5 13. d5 Na5 14. b3 b5 15. Qd2 Nb7
16. g4 h5 17. g5 Nh7 18. h4 Nc5 19. b4 Nb7 20. Ng3 f6 21. Nce2 fxg5 22. Rxc8
Bxc8 23. hxg5 Qd7 24. Rc1 Nd8 25. Bb6 Nf7 26. Rc7 Qg4 27. f3 Qxg5 28. Qxg5 Nhxg5
29. Nf1 h4 30. Nh2 Bf6 31. Bf2 h3 32. Bf1 Rd8 33. Nc3 Kf8 34. a4 bxa4 35. Nxa4
Bd7 36. Nc3 Be8 37. Bxa6 Rb8 38. b5 Bd8 39. Rb7 Ra8 40. Ra7 Rb8 41. Rb7 Ra8 42.
Kf1 Ba5 43. Na4 Nd8 44. Ra7 Rb8 45. Ke2 Bxb5+ 46. Bxb5 Rxb5 47. Ra8 Ke7 48. Bh4
Nf7 49. Ng4 Bc7 50. Ra7 Kd8 51. Nh6 Kc8 52. Nxf7 Nxf7 53. Nc3 Rb3 54. Kd3 h2 55.
Ra1 Ba5 56. Rh1 Rxc3+ 57. Ke2 Rc2+ 58. Kd3 Rd2+ 59. Ke3 g5 60. Bg3 Ra2 61. Rxh2
Bb6+ 62. Kd3 Rxh2 63. Bxh2 Kd7 64. Bg3 Bc5 65. Be1 Ke7 66. Bd2 Kf6 67. Ke2 g4
68. fxg4 Ng5 69. Bxg5+ Kxg5 70. Kf3 Bd4 71. Kg3 Bc5 72. Kf3 Bd4 73. Kg3 Bc3 74.
Kf3 Be1 75. Ke2 Bh4 76. Kf3 Be1 77. Ke2 Bg3 78. Kf3 Bh4 79. Ke3 Kxg4 80. Kd3 Kf4
81. Kc4 Kxe4 82. Kb5 Kxd5 83. Kb4 e4 84. Kb3 Bf6 85. Kc2 Ke5 86. Kd1 d5 87. Ke2
d4 88. Kd1 d3 89. Kd2 e3+ 90. Kc3 Kf4+ 91. Kxd3 Kf3 92. Kc4 e2 93. Kd5 Kf2 94.
Kd6 1/2-1/2

[Event "Chess24 Banter Blitz Cup"]
[Site "chess24.com INT"]
[Date "2019.10.18"]
[Round "1.9"]
[White "Cordova, Emilio"]
[Black "Bartel, Mateusz"]
[Result "1/2-1/2"]
[WhiteTitle "GM"]
[BlackTitle "GM"]
[WhiteElo "2571"]
[BlackElo "2635"]
[WhiteFideId "3801497"]
[BlackFideId "1112635"]
[EventDate "2019.09.25"]
[EventType "blitz"]

1. d4 f5 2. Nf3 Nf6 3. c4 g6 4. g3 Bg7 5. Bg2 O-O 6. O-O d6 7. Nc3 c6 8. b3 a5
9. Bb2 Na6 10. Rc1 Bd7 11. Qc2 Rc8 12. a3 b5 13. Nd2 Qb6 14. e3 Qb8 15. Ba1 e5
16. dxe5 dxe5 17. Ne2 Be6 18. h3 Rfd8 19. Rfd1 b4 20. Nf3 Ne4 21. a4 Nac5 22. h4
h6 23. Rxd8+ Rxd8 24. Nfd4 exd4 25. exd4 Nb7 26. Bxe4 fxe4 27. Qxe4 Qc8 28. d5
Bf5 29. Qf4 Bxa1 30. Rxa1 cxd5 31. Qxh6 dxc4 32. bxc4 Qxc4 33. Nf4 Qc3 34. Rf1
Qg7 35. Qg5 Rf8 36. h5 Qf6 37. Qh6 Qg7 38. Qg5 Qf6 39. Qh6 Qg7 40. Qg5 1/2-1/2

[Event "Chess24 Banter Blitz Cup"]
[Site "chess24.com INT"]
[Date "2019.10.18"]
[Round "1.10"]
[White "Bartel, Mateusz"]
[Black "Cordova, Emilio"]
[Result "1-0"]
[WhiteTitle "GM"]
[BlackTitle "GM"]
[WhiteElo "2635"]
[BlackElo "2571"]
[WhiteFideId "1112635"]
[BlackFideId "3801497"]
[EventDate "2019.09.25"]
[EventType "blitz"]

1. f4 c5 2. Nf3 b6 3. g3 Bb7 4. Bg2 Nf6 5. O-O e6 6. d3 d5 7. c3 Be7 8. Nbd2 Nc6
9. h3 a5 10. a4 Ba6 11. Qe1 O-O 12. g4 Rc8 13. Rf2 Ne8 14. Nf1 Nd6 15. Ng3 Re8
16. Kh2 Bf8 17. Ne5 Ne7 18. g5 Nef5 19. e4 Nxg3 20. Kxg3 f6 21. gxf6 Qxf6 22.
Qe3 c4 23. d4 dxe4 24. Bxe4 Nxe4+ 25. Qxe4 Rc7 26. Bd2 Bb7 27. Qc2 Bd5 28. Rg1
Be7 29. Kh2 Qh4 30. Be3 Bf6 31. Rg4 Qh5 32. Qd1 Kh8 33. Qg1 Rf8 34. Qg3 g6 35.
Rf1 Bd8 36. Rg1 Rg7 37. Rf1 Be4 38. Rf2 Bf5 39. Rg5 Bxg5 40. fxg5 Kg8 41. d5
exd5 42. Bd4 Be4 43. Rxf8+ Kxf8 44. Ng4 Re7 45. Qb8+ Kf7 46. Nh6+ Ke6 47. Qxb6+
Kd7 48. Qb7+ Kd6 49. Qb6+ Kd7 50. Qb7+ Kd6 51. Qb8+ Kd7 52. Qa7+ Kd6 53. Bc5+
Kc6 54. Qb6+ Kd7 55. Qd6+ Kc8 56. Qxe7 Qe2+ 57. Kg3 Qf3+ 58. Kh4 Qf4+ 59. Ng4 h5
60. Qf8+ Qxf8 61. Bxf8 hxg4 62. Kxg4 Kd7 63. Kf4 Ke6 64. h4 Bf5 65. h5 1-0

[Event "Chess24 Banter Blitz Cup"]
[Site "chess24.com INT"]
[Date "2019.10.18"]
[Round "1.11"]
[White "Cordova, Emilio"]
[Black "Bartel, Mateusz"]
[Result "0-1"]
[WhiteTitle "GM"]
[BlackTitle "GM"]
[WhiteElo "2571"]
[BlackElo "2635"]
[WhiteFideId "3801497"]
[BlackFideId "1112635"]
[EventDate "2019.09.25"]
[EventType "blitz"]

1. d4 f5 2. Nf3 Nf6 3. c4 g6 4. Nc3 Bg7 5. g3 O-O 6. Bg2 d6 7. O-O c6 8. b3 a5
9. Bb2 Na6 10. d5 Bd7 11. Nd4 Qe8 12. e3 Nc7 13. Qd2 c5 14. Nde2 b5 15. a4 bxc4
16. bxc4 Na6 17. Nb5 Nb4 18. Nf4 Qc8 19. Qe2 Rb8 20. Rad1 Rf7 21. h3 g5 22. Nd3
h6 23. Nc1 f4 24. exf4 gxf4 25. g4 Nxg4 26. hxg4 f3 27. Bxf3 Bxb2 28. Be4 Be5
29. f3 Qf8 30. Nd3 Nxd3 31. Rxd3 Qg7 32. Qe3 Rbf8 33. Rf2 Rf4 34. Rg2 Qg5 35.
Rb3 Bxb5 36. Rxb5 Bd4 0-1

[Event "Chess24 Banter Blitz Cup"]
[Site "chess24.com INT"]
[Date "2019.10.18"]
[Round "1.12"]
[White "Bartel, Mateusz"]
[Black "Cordova, Emilio"]
[Result "1-0"]
[WhiteTitle "GM"]
[BlackTitle "GM"]
[WhiteElo "2635"]
[BlackElo "2571"]
[WhiteFideId "1112635"]
[BlackFideId "3801497"]
[EventDate "2019.09.25"]
[EventType "blitz"]

1. f4 c5 2. Nf3 b6 3. g3 Bb7 4. Bg2 Nf6 5. O-O e6 6. d3 Be7 7. e4 d5 8. e5 Nfd7
9. c3 Nc6 10. d4 h5 11. Be3 g6 12. Nbd2 Rc8 13. a4 Na5 14. b3 cxd4 15. Bxd4 Nc6
16. Bf2 Nc5 17. Qb1 Ba6 18. Rd1 h4 19. b4 Bd3 20. Qa2 hxg3 21. hxg3 Ne4 22. Nxe4
Bxe4 23. a5 b5 24. Qe2 a6 25. Rd2 Qc7 26. Rad1 Qb7 27. Ne1 Bxg2 28. Nxg2 Kf8 29.
Rd3 Kg7 30. g4 d4 31. f5 Bg5 32. f6+ Kg8 33. Bxd4 Nxd4 34. Rxd4 Rh3 35. Rd8+
Rxd8 36. Rxd8+ Kh7 37. Rd3 Rxd3 38. Qxd3 Qc7 39. Qd4 Qc6 40. Kf2 Bc1 41. Ne1 Bb2
42. Nf3 Bc1 43. Ke2 Qb7 44. Qd3 Qc6 45. Qd4 Bh6 46. Qd3 Bf8 47. Ng5+ Kg8 48. Qf3
Qc4+ 49. Kf2 Qa2+ 50. Kg3 Qd2 51. Ne4 Qe1+ 52. Nf2 Qc1 53. Kg2 Qg5 54. Ne4 Qxe5
55. Qe3 Qd5 56. Kf3 e5 57. Qe2 Qe6 58. Qe3 Bd6 59. Ng5 Bc5 60. Nxe6 Bxe3 61.
Kxe3 fxe6 62. Ke4 Kf7 63. g5 Kf8 64. Kxe5 Kf7 65. Kd4 Kf8 66. Ke4 Kf7 67. Ke5
Kf8 68. Kxe6 1-0

[Event "Chess24 Banter Blitz Cup"]
[Site "chess24.com INT"]
[Date "2019.10.18"]
[Round "1.13"]
[White "Cordova, Emilio"]
[Black "Bartel, Mateusz"]
[Result "1-0"]
[WhiteTitle "GM"]
[BlackTitle "GM"]
[WhiteElo "2571"]
[BlackElo "2635"]
[WhiteFideId "3801497"]
[BlackFideId "1112635"]
[EventDate "2019.09.25"]
[EventType "blitz"]

1. d4 f5 2. Nf3 Nf6 3. c4 g6 4. g3 Bg7 5. Bg2 O-O 6. O-O d6 7. Nc3 c6 8. b3 a5
9. Bb2 Na6 10. d5 Bd7 11. Nd4 Qe8 12. Re1 Nc7 13. e4 fxe4 14. Nxe4 Nxe4 15. Rxe4
cxd5 16. cxd5 a4 17. Rc1 Nb5 18. Nxb5 Bxb2 19. Nc7 Qf7 20. Rc2 Bf6 21. Nxa8 Rxa8
22. Rec4 axb3 23. axb3 b5 24. Rc7 Bf5 25. Rc1 Ra2 26. Bf3 h5 27. h4 Kg7 28. Kg2
b4 29. Rb7 Bc3 30. Rxc3 bxc3 31. Qd4+ Kh7 32. Qxc3 Be4 33. Qe3 Bxf3+ 34. Qxf3
Qxf3+ 35. Kxf3 Kg7 36. Rxe7+ Kf6 37. Re6+ Kf5 38. Rxd6 Rb2 39. Rb6 Rc2 40. b4
Rc3+ 41. Kg2 Rc2 42. b5 Rd2 43. d6 Rd5 44. Rc6 Rxb5 45. d7 Rd5 46. Rc5 1-0

[Event "Chess24 Banter Blitz Cup"]
[Site "chess24.com INT"]
[Date "2019.10.18"]
[Round "1.14"]
[White "Bartel, Mateusz"]
[Black "Cordova, Emilio"]
[Result "1/2-1/2"]
[WhiteTitle "GM"]
[BlackTitle "GM"]
[WhiteElo "2635"]
[BlackElo "2571"]
[WhiteFideId "1112635"]
[BlackFideId "3801497"]
[EventDate "2019.09.25"]
[EventType "blitz"]

1. e4 c5 2. Nf3 Nc6 3. Bb5 e6 4. O-O Nge7 5. c3 Ng6 6. Re1 Be7 7. d4 a6 8. Bf1
cxd4 9. cxd4 d5 10. e5 O-O 11. Nc3 Bd7 12. g3 Qc7 13. h4 f5 14. h5 Nh8 15. Bf4
Qb6 16. Na4 Qa5 17. Rc1 Nf7 18. Nc5 Bxc5 19. Rxc5 Qxa2 20. Qd2 Rfc8 21. Rec1 Ne7
22. h6 Rxc5 23. Rxc5 Rc8 24. hxg7 Rxc5 25. dxc5 Ng6 26. Nd4 Qb1 27. Kg2 Nxf4+
28. gxf4 Kxg7 29. Bd3 Qa1 30. Qb4 Qc1 31. Qxb7 Qxf4 32. Qxd7 Qg4+ 33. Kf1 Qxd4
34. c6 Qxd3+ 35. Kg2 Qe4+ 36. Kf1 Qc4+ 37. Kg2 Qg4+ 38. Kf1 Qd1+ 39. Kg2 Qg4+
40. Kf1 Qd1+ 41. Kg2 Qg4+ 1/2-1/2

[Event "Chess24 Banter Blitz Cup"]
[Site "chess24.com INT"]
[Date "2019.10.18"]
[Round "1.15"]
[White "Cordova, Emilio"]
[Black "Bartel, Mateusz"]
[Result "1/2-1/2"]
[WhiteTitle "GM"]
[BlackTitle "GM"]
[WhiteElo "2571"]
[BlackElo "2635"]
[WhiteFideId "3801497"]
[BlackFideId "1112635"]
[EventDate "2019.09.25"]
[EventType "blitz"]

1. d3 e5 2. g3 Nc6 3. Bg2 d5 4. Nf3 Nf6 5. O-O h6 6. Nbd2 Be6 7. e4 dxe4 8. Nxe4
Nxe4 9. dxe4 Qxd1 10. Rxd1 Rd8 11. Bd2 Bc5 12. Bc3 f6 13. a3 Kf7 14. h3 a6 15.
Bf1 Rd6 16. Rxd6 cxd6 17. Rd1 Rd8 18. b4 Ba7 19. Bb2 d5 20. exd5 Rxd5 21. Rxd5
Bxd5 22. Nd2 Bd4 23. c3 Ba7 24. c4 Be6 25. c5 Ke7 26. Ne4 Bb8 27. g4 g6 28. f3
f5 29. Nd2 Bd5 30. Bd3 Ke6 31. Kf1 Bc7 32. Nc4 Nd4 33. gxf5+ gxf5 34. Bxd4 exd4
35. Ke2 Bxc4 36. Bxc4+ Ke5 37. Kd3 a5 38. b5 b6 39. c6 f4 40. a4 Bd8 41. Bf7 Bc7
42. Bg6 Bd8 43. Ke2 Bc7 44. Kd3 Bd8 1/2-1/2

[Event "Chess24 Banter Blitz Cup"]
[Site "chess24.com INT"]
[Date "2019.10.18"]
[Round "1.16"]
[White "Bartel, Mateusz"]
[Black "Cordova, Emilio"]
[Result "0-1"]
[WhiteTitle "GM"]
[BlackTitle "GM"]
[WhiteElo "2635"]
[BlackElo "2571"]
[WhiteFideId "1112635"]
[BlackFideId "3801497"]
[EventDate "2019.09.25"]
[EventType "blitz"]

1. e4 c5 2. Nf3 Nc6 3. Bb5 e6 4. O-O Nge7 5. c3 Ng6 6. Re1 Be7 7. g3 O-O 8. h4
h6 9. d4 cxd4 10. cxd4 d5 11. e5 f6 12. Bd3 Nh8 13. h5 fxe5 14. Nxe5 Nxe5 15.
dxe5 Qb6 16. Be3 Qxb2 17. Nd2 Qxe5 18. Bxh6 Qd4 19. Nf3 Qf6 20. Bf4 Bc5 21. Rc1
b6 22. Ne5 Nf7 23. Ng6 Bd7 24. Re2 Rfe8 25. Bb1 e5 26. Nxe5 Nxe5 27. Qxd5+ Nf7
28. Rce1 Bc6 29. Rxe8+ Rxe8 30. Rxe8+ Bxe8 31. Bg6 Kf8 32. Qa8 Qe6 33. Bd2 Qe2
34. Be3 Bxe3 35. fxe3 Qxe3+ 36. Kg2 Qe6 37. Qxa7 Bc6+ 38. Kf2 Qf6+ 39. Ke3 Nd8
40. Qb8 Qe7+ 41. Kd4 Qf6+ 42. Kc4 Be8 43. Qf4 Qxf4+ 44. gxf4 Bxg6 45. hxg6 Ne6
46. Kb5 Nxf4 47. Kxb6 Nxg6 48. a4 Ne5 49. Kc5 Nd7+ 50. Kc6 Nb8+ 51. Kb7 Nd7 52.
Kc6 Ne5+ 53. Kb7 Nd3 54. a5 Nb4 55. Kb6 g5 56. Kb5 g4 57. Kxb4 g3 58. a6 g2 59.
a7 g1=Q 60. a8=Q+ Kf7 0-1

[Event "Chess24 Banter Blitz Cup"]
[Site "chess24.com INT"]
[Date "2019.10.18"]
[Round "1.17"]
[White "Cordova, Emilio"]
[Black "Bartel, Mateusz"]
[Result "1-0"]
[WhiteTitle "GM"]
[BlackTitle "GM"]
[WhiteElo "2571"]
[BlackElo "2635"]
[WhiteFideId "3801497"]
[BlackFideId "1112635"]
[EventDate "2019.09.25"]
[EventType "blitz"]

1. d4 Nf6 2. Nf3 e6 3. c4 Bb4+ 4. Nbd2 O-O 5. a3 Be7 6. e4 d6 7. Qc2 a5 8. Bd3
e5 9. b3 Nfd7 10. Bb2 Bf6 11. O-O Nc6 12. d5 Ne7 13. b4 b6 14. Nb3 a4 15. Nc1
Ng6 16. Ne2 Bb7 17. Bc1 c6 18. dxc6 Bxc6 19. Nc3 Nf4 20. Rd1 Qe7 21. Bf1 Qe6 22.
Be3 Rfc8 23. Rac1 g5 24. Qd2 Be7 25. Nd5 Bxd5 26. cxd5 Qg6 27. Bxf4 exf4 28. Bd3
Qg7 29. Bb5 Ne5 30. Nd4 Bf8 31. Nf5 Qg6 32. Bc6 Ra7 33. Rc2 f3 34. Rdc1 fxg2 35.
Qe3 Qh5 36. Kxg2 f6 37. Qg3 Rac7 38. b5 Qg6 39. h3 h5 40. Kh1 Kh7 41. Rg1 h4 42.
Qe3 Bh6 43. f4 Nf7 44. Rcg2 Rg8 45. Qf3 Rcc8 46. Nxh4 gxh4 47. Rxg6 Rxg6 48.
Rxg6 Kxg6 49. Qg4+ Kh7 50. Qxc8 Bxf4 51. Qf5+ 1-0

[Event "Chess24 Banter Blitz Cup"]
[Site "chess24.com INT"]
[Date "2019.10.18"]
[Round "1.18"]
[White "Bartel, Mateusz"]
[Black "Cordova, Emilio"]
[Result "1-0"]
[WhiteTitle "GM"]
[BlackTitle "GM"]
[WhiteElo "2635"]
[BlackElo "2571"]
[WhiteFideId "1112635"]
[BlackFideId "3801497"]
[EventDate "2019.09.25"]
[EventType "blitz"]

1. f4 c5 2. Nf3 Nc6 3. g3 d5 4. Bg2 g6 5. O-O Bg7 6. d3 Nf6 7. e3 O-O 8. Qe2 b6
9. Nc3 Bb7 10. h3 Rc8 11. g4 d4 12. Nd1 dxe3 13. Nxe3 Nd4 14. Qf2 Bxf3 15. Bxf3
Nxf3+ 16. Qxf3 e6 17. a4 Re8 18. Nc4 Nd5 19. c3 a6 20. Be3 b5 21. axb5 axb5 22.
Nd2 b4 23. Ne4 bxc3 24. bxc3 Nxc3 25. Nxc5 Qd5 26. Ra5 Red8 27. Kg2 Ne2 28. Rb1
Nd4 29. Qxd5 Rxd5 30. Nb7 Rc2+ 31. Kg3 Ne2+ 32. Kf3 Rxd3 33. Nc5 Rd8 34. Rb7
Nd4+ 35. Bxd4 Bxd4 36. Ne4 f5 37. Ng5 Bb6 38. Ra3 Bc5 39. Rab3 e5 40. fxe5 fxg4+
41. hxg4 Re8 42. e6 Rc4 43. Rd3 Be7 44. Nf7 Bf8 45. Ng5 h6 46. Ne4 Rxe6 47. Ng3
Rd6 48. Rxd6 Bxd6 49. Ne4 Be5 50. Re7 Bg7 51. Re6 Kf7 52. Ra6 Rd4 53. Ra7+ Kg8
54. Nc5 Rd5 55. Ne6 Bf6 56. Nf4 Rd6 57. Nxg6 Bd4 58. Ra8+ Kg7 59. Nh4 Rf6+ 60.
Nf5+ Kf7 61. Ke4 Bb2 62. Ra7+ Kg6 63. Rg7# 1-0

[Event "Chess24 Banter Blitz Cup"]
[Site "chess24.com INT"]
[Date "2019.10.18"]
[Round "1.19"]
[White "Cordova, Emilio"]
[Black "Bartel, Mateusz"]
[Result "0-1"]
[WhiteTitle "GM"]
[BlackTitle "GM"]
[WhiteElo "2571"]
[BlackElo "2635"]
[WhiteFideId "3801497"]
[BlackFideId "1112635"]
[EventDate "2019.09.25"]
[EventType "blitz"]

1. d4 f5 2. Nf3 Nf6 3. c4 g6 4. Nc3 Bg7 5. g3 O-O 6. Bg2 d6 7. O-O Nc6 8. d5 Na5
9. b3 c5 10. Bb2 Bd7 11. Ng5 a6 12. e4 fxe4 13. Qe2 b5 14. Ncxe4 bxc4 15. bxc4
Rb8 16. Bc3 Rb4 17. Bxb4 cxb4 18. Rac1 Nxe4 19. Nxe4 Nb7 20. Qe3 Bf5 21. Rfe1
Bxe4 22. Qxe4 Bf6 23. Qb1 a5 24. a3 Qb6 25. axb4 axb4 26. Be4 Nc5 27. Bxg6 hxg6
28. Qxg6+ Kh8 29. Rcd1 Qd8 30. Qh6+ Kg8 31. Qg6+ Kh8 32. Qh6+ Kg8 33. Qg6+ Bg7
34. Rd4 Rf6 35. Qg5 Qf8 36. Rg4 Nd3 37. Ra1 Rf7 38. f4 Qc8 39. Qg6 Kf8 40. Kg2
Nc5 41. h4 b3 42. h5 b2 43. Rh1 Ke8 44. h6 Bh8 45. h7 Qa6 46. Qg8+ Rf8 47. Qg6+
Kd7 48. Kh3 Qxc4 49. Qh6 Qxd5 50. Kh2 Qxh1+ 0-1

[Event "Chess24 Banter Blitz Cup"]
[Site "chess24.com INT"]
[Date "2019.10.18"]
[Round "1.20"]
[White "Bartel, Mateusz"]
[Black "Cordova, Emilio"]
[Result "1/2-1/2"]
[WhiteTitle "GM"]
[BlackTitle "GM"]
[WhiteElo "2635"]
[BlackElo "2571"]
[WhiteFideId "1112635"]
[BlackFideId "3801497"]
[EventDate "2019.09.25"]
[EventType "blitz"]

1. e4 c5 2. Nf3 Nc6 3. Bb5 e6 4. O-O Nge7 5. c3 Ng6 6. d4 a6 7. Ba4 cxd4 8. cxd4
d5 9. Nc3 Be7 10. e5 O-O 11. Bc2 Bd7 12. g3 f6 13. Bxg6 hxg6 14. Re1 g5 15. h3
fxe5 16. Nxe5 Nxe5 17. Rxe5 Bf6 18. Re2 Rc8 19. Qd3 Qe8 20. Bd2 Qh5 21. g4 Qh4
22. Kg2 Rc4 23. Be3 Bc6 24. f3 Bd7 25. Bf2 Qh6 26. Rae1 b5 27. Rxe6 Bxe6 28.
Rxe6 Qh7 29. Qe2 b4 30. Nxd5 Rc2 31. Nxf6+ gxf6 32. Qxa6 Rxb2 33. Rxf6 Rxf6 34.
Qxf6 Qg7 35. Qe6+ Kh8 36. Qe8+ Kh7 37. Qh5+ Kg8 38. Qe8+ Kh7 39. Qh5+ Qh6 40.
Qf7+ Kh8 41. Qe8+ Kg7 42. Qe7+ Kg8 43. Qe8+ Kh7 44. Qf7+ Qg7 45. Qh5+ 1/2-1/2

[Event "Chess24 Banter Blitz Cup"]
[Site "chess24.com INT"]
[Date "2019.10.20"]
[Round "1.1"]
[White "Gordievsky, Dmitry"]
[Black "Banusz, Tamas"]
[Result "0-1"]
[WhiteTitle "GM"]
[BlackTitle "GM"]
[WhiteElo "2579"]
[BlackElo "2619"]
[WhiteFideId "24112798"]
[BlackFideId "722413"]
[EventDate "2019.09.25"]
[EventType "blitz"]

1. Nf3 d5 2. c4 c6 3. g3 Nf6 4. Bg2 g6 5. d4 Bg7 6. O-O O-O 7. Ne5 e6 8. Nc3 b6
9. b3 Bb7 10. Bb2 Nbd7 11. Nd3 Re8 12. e3 Rc8 13. Rc1 Qe7 14. Qd2 Red8 15. Rfd1
h5 16. h3 c5 17. cxd5 cxd4 18. d6 Qxd6 19. Bxb7 dxc3 20. Bxc3 Rc7 21. Bb4 Nc5
22. Nxc5 Qxd2 23. Rxd2 Rxd2 24. Bxd2 Rxc5 25. Rxc5 bxc5 26. Kf1 Nd5 27. Ke2 Nc3+
28. Kd3 Nxa2 29. Kc4 Nb4 30. Be4 Bf8 31. g4 hxg4 32. hxg4 Bd6 33. g5 Kf8 34. Bc3
Ke7 35. Bf6+ Kd7 36. Bb1 Nc6 37. Kb5 Kc7 38. f4 Nb4 39. e4 Bxf4 40. Kxc5 Nc6 41.
b4 Be5 42. b5 Bxf6 43. gxf6 Ne5 44. Ba2 Ng4 45. Bxe6 fxe6 46. f7 Ne5 47. f8=Q
Nd7+ 48. Kd4 Nxf8 49. Ke5 Kb6 50. Kf6 Kxb5 51. Kf7 a5 52. Kxf8 a4 53. Ke7 a3 54.
Kxe6 a2 55. Kf6 a1=Q+ 56. e5 Qd4 57. Kxg6 Qxe5 58. Kf7 Kc6 59. Kg6 Qf4 60. Kh7
Qg5 0-1

[Event "Chess24 Banter Blitz Cup"]
[Site "chess24.com INT"]
[Date "2019.10.20"]
[Round "1.2"]
[White "Banusz, Tamas"]
[Black "Gordievsky, Dmitry"]
[Result "1-0"]
[WhiteTitle "GM"]
[BlackTitle "GM"]
[WhiteElo "2619"]
[BlackElo "2579"]
[WhiteFideId "722413"]
[BlackFideId "24112798"]
[EventDate "2019.09.25"]
[EventType "blitz"]

1. Nf3 g6 2. g3 Bg7 3. Bg2 c5 4. c4 Nc6 5. O-O Nh6 6. Nc3 Nf5 7. b3 d6 8. Bb2
O-O 9. e3 b6 10. d4 Bd7 11. d5 Ne5 12. Nxe5 Bxe5 13. Qd2 a6 14. Ne2 Bxb2 15.
Qxb2 b5 16. e4 Ng7 17. f4 Rb8 18. Qc3 Qb6 19. Rfc1 Bg4 20. Bf3 Bxf3 21. Qxf3
bxc4 22. Rxc4 Qa5 23. Qd3 Rb4 24. Qc3 Qb6 25. Kg2 Rb8 26. Rc1 a5 27. Qe3 e6 28.
dxe6 fxe6 29. Qd3 Qc6 30. Kf2 Ne8 31. Nc3 Nf6 32. Re1 d5 33. exd5 exd5 34. Rxb4
axb4 35. Na4 Ne4+ 36. Kg1 Re8 37. Rd1 Rd8 38. Qe3 Kg7 39. Rc1 d4 40. Qd3 Nc3 41.
Re1 Re8 42. Rxe8 Qxe8 43. Nxc5 Qe1+ 44. Kg2 Ne2 45. Qe4 Qg1+ 46. Kh3 Qf1+ 47.
Kh4 Qf2 48. Qe7+ Kg8 49. Qe8+ Kg7 50. Qe7+ Kg8 51. Kg5 Qxh2 52. Kf6 Qh6 53. Qf7+ 1-0